| 000 | 00348nam a22001337a 4500 | ||
|---|---|---|---|
| 020 | _a9788120328600 | ||
| 082 |
_a628 _bKAR/WA |
||
| 100 |
_aKaria,G.L _9938 |
||
| 100 |
_aChristian,R.A _9939 |
||
| 245 | _aWaste Water Treatment: Concepts and Design Approach | ||
| 260 |
_aNew Delhi _bPHI Learning Private Limited _c2012 |
||
| 300 | _a365 | ||
| 942 | _cBK | ||
| 999 |
_c14539 _d14539 |
||